000 00369nam a2200145Ia 4500
005 20260328104343.0
008 260328s9999||||xx |||||||||||||| ||und||
100 _aPinilla, Jaime
245 0 _aManual para la gerencia de Proyectos inMobiliarios /
_cJaime Pinilla
250 _a1a ed.
260 _bEGPI
300 _a148 p.
650 _aINMOBILARIO
942 _cBK
999 _c12213
_d12213